| 000 | 00465nam a2200157 a 4500 | ||
|---|---|---|---|
| 001 | 42846 | ||
| 005 | 20180714021158.0 | ||
| 008 | 140415s2010 sp 000 0 spa d | ||
| 041 | _aspa | ||
| 082 |
_a036 _bENC |
||
| 245 | 0 | 0 |
_aENCICLOPEDIA UNIVERSAL ILUSTRADA : _bEUROPEO-AMERICANA |
| 260 |
_aESPAÑA : _bESPASA-CALPE, _c2010, 1973 |
||
| 300 |
_a _cx 17 x 26 |
||
| 520 | _aENCICLOPEDIA UNIVERSAL ILUSTRDA | ||
| 650 | 1 | 4 | _aENCICLOPEDIAS Y DICCIONARIOS |
| 999 |
_c42846 _d42846 |
||